[Event "Level op-B 8th"]
[Site "Level"]
[Date "2022.09.09"]
[Round "2"]
[White "Horvath, Reka"]
[Black "Marcibal, Jozsef"]
[Result "0-1"]
[WhiteElo "2025"]
[BlackElo "1243"]
[PlyCount "81"]
[EventDate "2022.09.09"]
[EventType "swiss"]
[EventRounds "7"]
[EventCountry "HUN"]
[SourceTitle "EXT 2023"]
[Source "ChessBase"]
[SourceDate "2022.10.05"]
[SourceVersion "1"]
[SourceVersionDate "2022.10.05"]
[SourceQuality "1"]

1. Nf3 c5 2. c4 Nc6 3. Nc3 d6 4. d3 h6 5. e4 Bg4 6. h3 Bxf3 7. Qxf3 Nd4 8. Qd1 e5 9. Qa4+ Qd7 10. Qxd7+ Kxd7 11. Nd5 Nc2+ 12. Kd2 Nxa1 13. Be2 Ne7 14. Bg4+ Kc6 15. Bd1 Nxd5 16. cxd5+ Kc7 17. Ba4 a6 18. Ke2 b5 19. Bd1 Be7 20. Bd2 Bg5 21. Ba5+ Kb7 22. Re1 Rhf8 23. Kf1 f5 24. exf5 Rxf5 25. Bg4 Nc2 26. Bxf5 Nxe1 27. Kxe1 Rf8 28. Bd7 Bd8 29. Bc6+ Ka7 30. Bc3 Rf4 31. a3 Kb6 32. b4 c4 33. g3 Rf3 34. Ke2 Rxd3 35. Bd2 Rxa3 36. Be3+ Kc7 37. f4 exf4 38. Bxf4 Bg5 39. Bxg5 hxg5 40. Kf2 c3 41. Ke2 0-1

[Event "HUN-chT Region CSB"]
[Site "Hungary"]
[Date "2022.03.12"]
[Round "8.1"]
[White "Szanto, Levente"]
[Black "Horvath, Reka"]
[Result "1-0"]
[WhiteElo "1921"]
[BlackElo "2057"]
[PlyCount "65"]
[EventDate "2021.11.06"]
[EventType "team-swiss"]
[EventRounds "10"]
[EventCountry "HUN"]
[SourceTitle "EXT 2023"]
[Source "ChessBase"]
[SourceDate "2022.10.05"]
[SourceVersion "1"]
[SourceVersionDate "2022.10.05"]
[SourceQuality "1"]
[WhiteTeam "Tatabanya"]
[BlackTeam "Asvanyraro Szigetkoezi II"]
[WhiteTeamCountry "HUN"]
[BlackTeamCountry "HUN"]

1. e4 e5 2. Nf3 d6 3. d4 exd4 4. Nxd4 Nf6 5. Nc3 Be7 6. Be3 c5 7. Nf3 Nc6 8. h3 h6 9. Qd2 0-0 10. g4 Nh7 11. 0-0-0 a6 12. Nd5 b5 13. Nxe7+ Qxe7 14. Qxd6 Qxd6 15. Rxd6 Bb7 16. Bxc5 Na5 17. Nd2 Rfe8 18. f3 Rac8 19. Bb6 Ng5 20. Bxa5 Rc5 21. Bd3 Ne6 22. Nb3 Nf4 23. Nxc5 Nxd3+ 24. Rxd3 Re5 25. Nxb7 Kf8 26. Rhd1 Ke7 27. Bd8+ Kf8 28. Bh4 Kg8 29. Rd8+ Kh7 30. Nd6 f6 31. Nf5 Rc5 32. R1d7 Kg6 33. Rxg7# 1-0

[Event "Graz op-A"]
[Site "Graz"]
[Date "2020.02.20"]
[Round "8"]
[White "Valeanu, Eduard Andrei"]
[Black "Horvath, Reka"]
[Result "1-0"]
[WhiteElo "2427"]
[BlackElo "2018"]
[PlyCount "47"]
[EventDate "2020.02.14"]
[EventType "swiss"]
[EventRounds "9"]
[EventCountry "AUT"]
[SourceTitle "CBM 195 Extra"]
[Source "ChessBase"]
[SourceDate "2020.05.31"]
[SourceVersion "1"]
[SourceVersionDate "2020.05.31"]
[SourceQuality "1"]

1. e4 c5 2. Nc3 Nc6 3. Bb5 Nd4 4. Bc4 g6 5. Nf3 Bg7 6. Nxd4 cxd4 7. Qf3 Nh6 8. d3 0-0 9. Ne2 b5 10. Bd5 Rb8 11. Qg3 Qb6 12. Qh4 g5 13. Bxg5 Kh8 14. Bxe7 Re8 15. Bg5 Bb7 16. Bxb7 Rxb7 17. 0-0 f5 18. Ng3 fxe4 19. Nxe4 Nf5 20. Qh3 Qg6 21. Rae1 Rg8 22. Bf4 d5 23. Ng5 Rb6 24. Qxh7+ 1-0

[Event "Graz op-A"]
[Site "Graz"]
[Date "2020.02.18"]
[Round "5"]
[White "Horvath, Reka"]
[Black "Neuschmied, Siegfried"]
[Result "1/2-1/2"]
[WhiteElo "2018"]
[BlackElo "2268"]
[PlyCount "82"]
[EventDate "2020.02.14"]
[EventType "swiss"]
[EventRounds "9"]
[EventCountry "AUT"]
[SourceTitle "CBM 195 Extra"]
[Source "ChessBase"]
[SourceDate "2020.05.31"]
[SourceVersion "1"]
[SourceVersionDate "2020.05.31"]
[SourceQuality "1"]

1. e4 g6 2. d4 Bg7 3. Nc3 d6 4. Nf3 Nf6 5. Bc4 0-0 6. h3 Nxe4 7. Nxe4 d5 8. Bd3 dxe4 9. Bxe4 c5 10. Be3 Qb6 11. 0-0 Qxb2 12. Rb1 Qxa2 13. Rxb7 f5 14. Rb2 Qxb2 15. Bxa8 Rd8 16. Bg5 cxd4 17. Bxe7 Re8 18. Qe2 Qa2 19. Qb5 Bd7 20. Qc5 Nc6 21. Bxc6 Bxc6 22. Qxc6 Rxe7 23. Qc8+ Bf8 24. Nxd4 Qd5 25. Nc6 Rf7 26. Re1 Kg7 27. Nd8 Bb4 28. c3 Qd2 29. Rb1 Rd7 30. Ne6+ Kf6 31. Rxb4 Kxe6 32. Rd4 Qe1+ 33. Kh2 Qe5+ 34. g3 Qc7 35. Qg8+ Kf6 36. Rc4 Qb6 37. Qh8+ Ke6 38. Qe8+ Kf6 39. Qf8+ Ke6 40. Qe8+ Kf6 41. Qf8+ Ke6 1/2-1/2

[Event "Steyr Landesliga 1920"]
[Site "Austria"]
[Date "2019.11.23"]
[Round "5.7"]
[White "Horvath, Reka"]
[Black "Pretterhofer, Kiaras"]
[Result "1-0"]
[WhiteElo "2015"]
[BlackElo "1983"]
[PlyCount "107"]
[EventDate "2019.09.28"]
[EventType "team-tourn"]
[EventRounds "11"]
[EventCountry "AUT"]
[SourceTitle "CBM 193 Extra"]
[Source "ChessBase"]
[SourceDate "2020.01.31"]
[SourceVersion "1"]
[SourceVersionDate "2020.01.31"]
[SourceQuality "1"]
[WhiteTeam "Feldbach Kirchberg"]
[BlackTeam "Graz Schachfreunde"]
[WhiteTeamCountry "AUT"]
[BlackTeamCountry "AUT"]

1. e4 e5 2. Nf3 Nc6 3. Bb5 a6 4. Ba4 Nf6 5. 0-0 Be7 6. Re1 b5 7. Bb3 d6 8. c3 0-0 9. d4 Bg4 10. Be3 Re8 11. Nbd2 Na5 12. Bc2 Bf8 13. b4 Nb7 14. d5 Qc8 15. Bg5 Be7 16. Bxf6 Bxf6 17. Nf1 g6 18. Ne3 Bg7 19. a4 Bd7 20. axb5 axb5 21. Qe2 c5 22. dxc6 Bxc6 23. Bd3 Qd7 24. Rxa8 Rxa8 25. Nd5 Bxd5 26. exd5 e4 27. Qxe4 Bxc3 28. Rc1 Bb2 29. Rb1 Bc3 30. Qe2 Qg4 31. Bxb5 Qf5 32. Bd3 Qxd5 33. Be4 Qe6 34. Qd3 d5 35. Bxd5 Rd8 36. Bxe6 Rxd3 37. Bc4 Rd7 38. Bb5 Re7 39. Bc6 Nd8 40. Bd5 Rd7 41. Bc4 Nb7 42. h4 h6 43. b5 Kf8 44. Rb3 Bf6 45. Ra3 Ke7 46. b6 Kf8 47. Ra7 Ke7 48. Bb5 Nc5 49. Bxd7 Nxd7 50. Nd2 Bd4 51. Nc4 Ke6 52. Ra6 Kd5 53. Ra7 Kc6 54. Rc7+ 1-0

[Event "Steyr Landesliga 1920"]
[Site "Austria"]
[Date "2019.10.19"]
[Round "3.7"]
[White "Horvath, Reka"]
[Black "Schmuecker, Markus"]
[Result "1-0"]
[WhiteElo "2015"]
[BlackElo "1698"]
[PlyCount "71"]
[EventDate "2019.09.28"]
[EventType "team-tourn"]
[EventRounds "11"]
[EventCountry "AUT"]
[SourceTitle "CBM 193 Extra"]
[Source "ChessBase"]
[SourceDate "2020.01.31"]
[SourceVersion "1"]
[SourceVersionDate "2020.01.31"]
[SourceQuality "1"]
[WhiteTeam "Feldbach Kirchberg"]
[BlackTeam "Trofaiach Niklasdorf"]
[WhiteTeamCountry "AUT"]
[BlackTeamCountry "AUT"]

1. e4 e6 2. d4 d5 3. Nd2 Nf6 4. e5 Nfd7 5. c3 c5 6. Bd3 Nc6 7. Ne2 cxd4 8. cxd4 f6 9. exf6 Nxf6 10. Nf3 Bd6 11. 0-0 0-0 12. h3 e5 13. dxe5 Nxe5 14. Nxe5 Bxe5 15. Qb3 Rb8 16. Be3 b6 17. Nd4 Bxd4 18. Bxd4 Be6 19. Rfe1 Re8 20. Bb5 Re7 21. Bxf6 gxf6 22. Bc6 Kf8 23. Qa3 Kf7 24. Rad1 Rc8 25. Qa4 Qd6 26. Rxe6 Rxe6 27. Bxd5 Rc7 28. Qg4 Rce7 29. Bb3 Qe5 30. Rd8 Qg5 31. Bxe6+ Rxe6 32. Rd7+ Kg6 33. Qc4 Qe5 34. Qh4 Qe1+ 35. Kh2 Qe5+ 36. f4 1-0

[Event "Steyr Landesliga 1920"]
[Site "Austria"]
[Date "2019.10.05"]
[Round "2.5"]
[White "Korn, Andreas"]
[Black "Horvath, Reka"]
[Result "1/2-1/2"]
[WhiteElo "2029"]
[BlackElo "2015"]
[PlyCount "111"]
[EventDate "2019.09.28"]
[EventType "team-tourn"]
[EventRounds "11"]
[EventCountry "AUT"]
[SourceTitle "CBM 193 Extra"]
[Source "ChessBase"]
[SourceDate "2020.01.31"]
[SourceVersion "1"]
[SourceVersionDate "2020.01.31"]
[SourceQuality "1"]
[WhiteTeam "Pinggau Friedberg"]
[BlackTeam "Feldbach Kirchberg"]
[WhiteTeamCountry "AUT"]
[BlackTeamCountry "AUT"]

1. d4 c5 2. d5 d6 3. c4 g6 4. Nc3 Bg7 5. e4 e6 6. Bd3 Ne7 7. Nf3 0-0 8. 0-0 a6 9. Bd2 exd5 10. exd5 Bg4 11. h3 Bxf3 12. Qxf3 Nd7 13. Qd1 Ne5 14. Qc2 Qd7 15. Rfe1 Rae8 16. Bf1 Qf5 17. Rac1 Qxc2 18. Rxc2 Nf5 19. f4 Nd4 20. Rcc1 Nef3+ 21. gxf3 Nxf3+ 22. Kg2 Nxd2 23. Bd3 f5 24. Rcd1 Bxc3 25. bxc3 Ne4 26. Rc1 Kf7 27. Bxe4 fxe4 28. Rb1 Re7 29. Rb6 Rd8 30. Kf2 Kf6 31. Ke3 Kf5 32. Rg1 h6 33. h4 Rdd7 34. Rg2 Rg7 35. Rg1 g5 36. fxg5 hxg5 37. Rxg5+ Rxg5 38. hxg5 Ke5 39. a4 Rg7 40. a5 Rxg5 41. Rxb7 Rg3+ 42. Kd2 Rg2+ 43. Ke3 Rg3+ 44. Kd2 Rg2+ 45. Ke3 Rc2 46. Re7+ Kf5 47. Re6 Rxc3+ 48. Ke2 Rxc4 49. Rxd6 Ke5 50. Rxa6 Kxd5 51. Ra8 Ra4 52. a6 Kc6 53. Ke3 Kb6 54. Rc8 Rxa6 55. Kxe4 Kb5 56. Kd5 1/2-1/2

[Event "HUN-chT2 Szechenyi 1819"]
[Site "Hungary"]
[Date "2018.12.02"]
[Round "3.5"]
[White "Zoldi, Zoltan"]
[Black "Horvath, Reka"]
[Result "1-0"]
[WhiteElo "2102"]
[BlackElo "2015"]
[PlyCount "57"]
[EventDate "2018.10.28"]
[EventType "team-tourn"]
[EventRounds "9"]
[EventCountry "HUN"]
[SourceTitle "EXT 2021"]
[Source "ChessBase"]
[SourceDate "2020.10.23"]
[SourceVersion "1"]
[SourceVersionDate "2020.10.23"]
[SourceQuality "1"]
[WhiteTeam "Gyor Elektromos"]
[BlackTeam "Haladas Szombathely III"]
[WhiteTeamCountry "HUN"]
[BlackTeamCountry "HUN"]

1. Nf3 c5 2. c4 Nf6 3. Nc3 g6 4. g3 Bg7 5. Bg2 0-0 6. d4 cxd4 7. Nxd4 Nc6 8. 0-0 Nxd4 9. Qxd4 d6 10. Qd2 Rb8 11. b3 Bd7 12. Bb2 b5 13. Nxb5 Bxb5 14. cxb5 Rxb5 15. Bd4 Qb8 16. Rac1 e5 17. Be3 Ng4 18. Rfd1 Nxe3 19. Qxe3 Rd8 20. Bd5 Rb4 21. a3 Rd4 22. Rxd4 exd4 23. Qe7 Kh8 24. Rc7 Rf8 25. Bxf7 d3 26. Bc4 Qxc7 27. Qxc7 Bd4 28. Qxd6 Bxf2+ 29. Kg2 1-0

[Event "HUN-chT2 Szechenyi 1819"]
[Site "Hungary"]
[Date "2018.10.28"]
[Round "1.5"]
[White "Balka, Richard"]
[Black "Horvath, Reka"]
[Result "1/2-1/2"]
[WhiteElo "2063"]
[BlackElo "2015"]
[PlyCount "140"]
[EventDate "2018.10.28"]
[EventType "team-tourn"]
[EventRounds "9"]
[EventCountry "HUN"]
[SourceTitle "EXT 2021"]
[Source "ChessBase"]
[SourceDate "2020.10.23"]
[SourceVersion "1"]
[SourceVersionDate "2020.10.23"]
[SourceQuality "1"]
[WhiteTeam "Sarvar"]
[BlackTeam "Haladas Szombathely III"]
[WhiteTeamCountry "HUN"]
[BlackTeamCountry "HUN"]

1. e4 c5 2. Nf3 d6 3. d4 cxd4 4. Nxd4 Nf6 5. Nc3 g6 6. Be3 Bg7 7. f3 0-0 8. Qd2 Nc6 9. 0-0-0 d5 10. Qe1 e5 11. Nxc6 bxc6 12. exd5 cxd5 13. Bg5 Bb7 14. Bc4 Qc7 15. Bxf6 Bxf6 16. Bxd5 Rab8 17. Bb3 e4 18. Nxe4 Bxe4 19. Qxe4 Rfe8 20. Qd3 Qe5 21. c3 a5 22. Qc4 Rec8 23. Rhe1 Qf5 24. Qe4 Qb5 25. Rd5 Qc6 26. Rxa5 Bxc3 27. Qxc6 Bxe1 28. Rc5 Rxc6 29. Rxc6 Rb7 30. Rc8+ Kg7 31. Rc2 Bh4 32. g3 Bf6 33. Rd2 h5 34. Kb1 h4 35. Bd5 Re7 36. Be4 hxg3 37. hxg3 Bg5 38. Rd5 f5 39. Bd3 Re1+ 40. Kc2 Rg1 41. g4 Rg2+ 42. Kb3 Bc1 43. Bc2 Rg3 44. gxf5 Rxf3+ 45. Bd3 gxf5 46. Kc2 Be3 47. Bxf5 Kf6 48. Be4 Rf4 49. Kd3 Bc1 50. b3 Rf2 51. a4 Rd2+ 52. Kc4 Rxd5 53. Kxd5 Ke7 54. Kc6 Bd2 55. Bf5 Kd8 56. Kb6 Be3+ 57. Kb5 Kc7 58. a5 Kb7 59. b4 Ka7 60. Bd3 Bf2 61. Kc6 Be1 62. Kb5 Bf2 63. Kc4 Be3 64. b5 Bf2 65. Kb3 Be3 66. Kc4 Bf2 67. Bf5 Be1 68. b6+ Ka6 69. Bc8+ Kxa5 70. b7 Bg3 1/2-1/2

[Event "AUT-ch"]
[Site "Vienna"]
[Date "2018.07.25"]
[Round "5"]
[White "Horvath, Reka"]
[Black "Hohendanner, Sonja"]
[Result "1-0"]
[WhiteElo "2050"]
[BlackElo "1586"]
[PlyCount "63"]
[EventDate "2018.07.22"]
[EventType "swiss"]
[EventRounds "9"]
[EventCountry "AUT"]
[SourceTitle "CBM 185 Extra"]
[Source "ChessBase"]
[SourceDate "2018.07.29"]
[SourceVersion "1"]
[SourceVersionDate "2018.07.29"]
[SourceQuality "1"]

1. e4 c5 2. Nf3 Nc6 3. d4 cxd4 4. Nxd4 d6 5. Nc3 Nf6 6. Bc4 e6 7. Be3 a6 8. Qe2 Nxd4 9. Bxd4 Be7 10. Rd1 Qc7 11. e5 dxe5 12. Bxe5 Qa5 13. 0-0 0-0 14. Rfe1 b5 15. Qf3 Ra7 16. Bd3 Bb7 17. Qh3 h6 18. Qg3 b4 19. Ne4 Bxe4 20. Bxe4 Rd8 21. Bc6 Qb6 22. Rxd8+ Bxd8 23. Rd1 Nh5 24. Qf3 Bf6 25. Qxh5 Bxe5 26. Qxe5 Rc7 27. Be4 f5 28. Rd6 Qb8 29. Qxe6+ Kh8 30. Qxf5 g6 31. Qf6+ Kh7 32. Qxg6+ 1-0

[Event "AUT-ch"]
[Site "Vienna"]
[Date "2018.07.23"]
[Round "3"]
[White "Horvath, Reka"]
[Black "Pruell, Lukas"]
[Result "1/2-1/2"]
[WhiteElo "2050"]
[BlackElo "1974"]
[PlyCount "103"]
[EventDate "2018.07.22"]
[EventType "swiss"]
[EventRounds "9"]
[EventCountry "AUT"]
[SourceTitle "CBM 185 Extra"]
[Source "ChessBase"]
[SourceDate "2018.07.29"]
[SourceVersion "1"]
[SourceVersionDate "2018.07.29"]
[SourceQuality "1"]

1. e4 e5 2. Nf3 Nc6 3. Bb5 a6 4. Ba4 Nf6 5. 0-0 Nxe4 6. Re1 Nc5 7. Bxc6 dxc6 8. Nxe5 Be7 9. d4 Ne6 10. Be3 0-0 11. Nc3 f6 12. Nd3 Re8 13. Ne2 Nf8 14. c3 Be6 15. Ndf4 Bf7 16. Ng3 Ng6 17. Qg4 Bf8 18. Nf5 Kh8 19. Nh5 Be6 20. Qf3 Qd5 21. Qxd5 cxd5 22. Nhg3 Ne7 23. Nh4 Nc8 24. f4 Nd6 25. Bf2 Kg8 26. f5 Bd7 27. Rxe8 Rxe8 28. Re1 Rxe1+ 29. Bxe1 Bb5 30. Nh5 Bd3 31. Nf4 Be4 32. g4 Kf7 33. Ne6 c6 34. Bg3 Nc4 35. Nd8+ Ke8 36. Nxb7 Nxb2 37. Nd6+ Bxd6 38. Bxd6 Nd1 39. Bb4 Ne3 40. h3 Kf7 41. Kf2 Nc4 42. Ng2 a5 43. Bc5 Bxg2 44. Kxg2 a4 45. Kf3 g6 46. fxg6+ hxg6 47. h4 g5 48. h5 Kg7 49. Be7 Kf7 50. Bd8 Kg7 51. Be7 Kf7 52. Bd8 1/2-1/2

[Event "HUN-chT2 Charousek 1718"]
[Site "Hungary"]
[Date "2018.03.04"]
[Round "7.12"]
[White "Csiszar, Viktoria"]
[Black "Horvath, Reka"]
[Result "1/2-1/2"]
[WhiteElo "1912"]
[BlackElo "2058"]
[PlyCount "61"]
[EventDate "2017.10.29"]
[EventType "team-tourn"]
[EventRounds "9"]
[EventCountry "HUN"]
[SourceTitle "EXT 2020"]
[Source "ChessBase"]
[SourceDate "2019.10.17"]
[SourceVersion "1"]
[SourceVersionDate "2019.10.17"]
[SourceQuality "1"]
[WhiteTeam "Komlo Banyasz"]
[BlackTeam "Haladas Szombathely II"]
[WhiteTeamCountry "HUN"]
[BlackTeamCountry "HUN"]

1. e4 c5 2. Nc3 Nc6 3. g3 g6 4. Bg2 Bg7 5. d3 d6 6. f4 e6 7. Nf3 Nge7 8. 0-0 0-0 9. Kh1 Rb8 10. Rb1 b5 11. Ne2 Bb7 12. Be3 f5 13. Ng5 Qd7 14. h4 h6 15. Nh3 Nd4 16. Nf2 b4 17. Nxd4 cxd4 18. Bd2 a5 19. Re1 e5 20. Qe2 Rbe8 21. a3 fxe4 22. dxe4 exf4 23. gxf4 Kh7 24. h5 Qe6 25. Bh3 Nf5 26. Kh2 Kh8 27. Qg4 Qc4 28. exf5 gxf5 29. Qg6 Re2 30. Rxe2 Qxe2 31. Be1 1/2-1/2

[Event "Graz op-A"]
[Site "Graz"]
[Date "2018.02.17"]
[Round "1"]
[White "Horvath, Reka"]
[Black "Tomczak, Mikolaj"]
[Result "0-1"]
[WhiteElo "2072"]
[BlackElo "2383"]
[PlyCount "76"]
[EventDate "2018.02.17"]
[EventType "swiss"]
[EventRounds "9"]
[EventCountry "AUT"]
[SourceTitle "CBM 183 Extra"]
[Source "ChessBase"]
[SourceDate "2018.04.19"]
[SourceVersion "1"]
[SourceVersionDate "2018.04.19"]
[SourceQuality "1"]

1. Nf3 Nf6 2. g3 d5 3. Bg2 c6 4. c4 Bg4 5. Qb3 Qc8 6. cxd5 cxd5 7. Nc3 Bxf3 8. Bxf3 e6 9. e4 dxe4 10. Nxe4 Nxe4 11. Bxe4 Nc6 12. 0-0 Be7 13. d4 Nxd4 14. Qxb7 Qxb7 15. Bxb7 Rb8 16. Be4 Bf6 17. Be3 Rxb2 18. Rab1 Rxb1 19. Rxb1 0-0 20. Kf1 Be5 21. f4 f5 22. Bd3 Bf6 23. Rb7 Rc8 24. Bxd4 Bxd4 25. Rd7 Bb6 26. Re7 Rc6 27. Bb5 Rc1+ 28. Ke2 Rc2+ 29. Kd3 Rxh2 30. Bc4 Kf8 31. Rxe6 Rg2 32. Rd6 Rxg3+ 33. Ke2 Re3+ 34. Kd2 Re4 35. Bd5 Rxf4 36. Rd7 h5 37. Rf7+ Ke8 38. Rxg7 Rd4+ 0-1

[Event "HUN-chT2 Szechenyi 1718"]
[Site "Hungary"]
[Date "2018.01.28"]
[Round "5.4"]
[White "Domonkos, Daniel"]
[Black "Horvath, Reka"]
[Result "1/2-1/2"]
[WhiteElo "2011"]
[BlackElo "2023"]
[PlyCount "113"]
[EventDate "2017.10.29"]
[EventType "team-tourn"]
[EventRounds "9"]
[EventCountry "HUN"]
[SourceTitle "EXT 2021"]
[Source "ChessBase"]
[SourceDate "2020.10.23"]
[SourceVersion "1"]
[SourceVersionDate "2020.10.23"]
[SourceQuality "1"]
[WhiteTeam "Veszprem Ezust Huszar"]
[BlackTeam "Haladas Szombathely III"]
[WhiteTeamCountry "HUN"]
[BlackTeamCountry "HUN"]

1. d4 Nf6 2. c4 c5 3. Nf3 cxd4 4. Nxd4 g6 5. Nc3 Bg7 6. g3 0-0 7. Bg2 Nc6 8. 0-0 Ng4 9. e3 Nge5 10. b3 d6 11. Bb2 Bg4 12. f3 Bd7 13. Qe2 Nxd4 14. exd4 Nc6 15. d5 Nd4 16. Qf2 Qb6 17. Kh1 Qa5 18. Ne4 Qb6 19. Rad1 Nf5 20. Qxb6 axb6 21. Bxg7 Kxg7 22. Rd2 Ra3 23. Re1 Rfa8 24. Nc3 Kf8 25. g4 Nh4 26. Re3 g5 27. Bf1 Ng6 28. Bd3 Ne5 29. Bxh7 Kg7 30. Bb1 Rh8 31. Rde2 Raa8 32. Ne4 f6 33. Ng3 Rh4 34. Bf5 Be8 35. Rc2 Rh6 36. b4 Bg6 37. Bxg6 Kxg6 38. Nf5 Rh7 39. a3 Rah8 40. Ng3 Rh3 41. Kg1 Kf7 42. Rec3 R8h4 43. Rf2 f5 44. Nxf5 Rxg4+ 45. fxg4 Rxc3 46. Nxd6+ Kg6 47. Nc8 Nxg4 48. Nxe7+ Kh5 49. Rd2 Rc1+ 50. Kg2 Ne3+ 51. Kf3 Nxc4 52. Rd4 Rc3+ 53. Kf2 Nd6 54. a4 Ra3 55. b5 g4 56. Kg2 Kg5 57. Kf2 1/2-1/2

[Event "Steyr Landesliga 1718"]
[Site "Austria"]
[Date "2017.10.07"]
[Round "2.8"]
[White "Horvath, Reka"]
[Black "Lemsitzer, Simon"]
[Result "1-0"]
[WhiteElo "2023"]
[BlackElo "1702"]
[PlyCount "87"]
[EventDate "2017.09.30"]
[EventType "team-tourn"]
[EventRounds "11"]
[EventCountry "AUT"]
[SourceTitle "CBM 181 Extra"]
[Source "ChessBase"]
[SourceDate "2017.12.12"]
[SourceVersion "1"]
[SourceVersionDate "2017.12.12"]
[SourceQuality "1"]
[WhiteTeam "Feldbach Kirchberg"]
[BlackTeam "Leibnitz"]
[WhiteTeamCountry "AUT"]
[BlackTeamCountry "AUT"]

1. Nf3 Nf6 2. g3 g6 3. Bg2 Bg7 4. 0-0 0-0 5. d4 d6 6. c4 Re8 7. Nc3 Nbd7 8. e4 e5 9. d5 Kh8 10. Be3 Ng8 11. Ng5 Qe7 12. f4 h6 13. Nf3 exf4 14. Bxf4 g5 15. Be3 Ne5 16. Nxe5 Bxe5 17. Bd4 Rf8 18. Nb5 c6 19. Nxa7 c5 20. Bxe5+ Qxe5 21. Nb5 Bd7 22. Qb3 Ne7 23. Qc3 Bxb5 24. Qxe5+ dxe5 25. cxb5 Nc8 26. Rf6 Kg7 27. Raf1 Rxa2 28. d6 Ra1 29. Rxa1 Kxf6 30. Ra8 Ke6 31. Rxc8 Rxc8 32. Bh3+ Kxd6 33. Bxc8 Kc7 34. Bg4 Kb6 35. Be2 Ka5 36. Bc4 Kb4 37. b3 f6 38. Kf2 Kc3 39. Kf3 h5 40. h4 Kd4 41. Bf7 g4+ 42. Ke2 Kxe4 43. Bxh5 Kf5 44. b6 1-0

[Event "AUT-ch"]
[Site "Graz"]
[Date "2017.08.18"]
[Round "7"]
[White "Horvath, Reka"]
[Black "Ager, Josef"]
[Result "0-1"]
[WhiteElo "2039"]
[BlackElo "2139"]
[PlyCount "50"]
[EventDate "2017.08.12"]
[EventType "swiss"]
[EventRounds "9"]
[EventCountry "AUT"]
[SourceTitle "CBM 180 Extra"]
[Source "ChessBase"]
[SourceDate "2017.10.06"]
[SourceVersion "1"]
[SourceVersionDate "2017.10.06"]
[SourceQuality "1"]

1. e4 e5 2. Nf3 Nc6 3. Bc4 Nf6 4. d3 Be7 5. 0-0 d6 6. a4 0-0 7. c3 Bg4 8. Nbd2 Qd7 9. Re1 Nd8 10. d4 exd4 11. cxd4 Nc6 12. Qc2 d5 13. exd5 Nxd5 14. Ne5 Nxe5 15. Rxe5 Nb4 16. Qe4 Bf6 17. Rb5 Rae8 18. Qf4 Nc2 19. Ne4 Rxe4 20. Qxe4 Nxa1 21. Bg5 Re8 22. Qb1 Bxg5 23. Rxg5 Qxd4 24. Qxa1 Qxc4 25. b3 Qd4 0-1

[Event "AUT-ch"]
[Site "Graz"]
[Date "2017.08.17"]
[Round "6"]
[White "Matosec, Thomas"]
[Black "Horvath, Reka"]
[Result "1/2-1/2"]
[WhiteElo "2102"]
[BlackElo "2039"]
[PlyCount "113"]
[EventDate "2017.08.12"]
[EventType "swiss"]
[EventRounds "9"]
[EventCountry "AUT"]
[SourceTitle "CBM 180 Extra"]
[Source "ChessBase"]
[SourceDate "2017.10.06"]
[SourceVersion "1"]
[SourceVersionDate "2017.10.06"]
[SourceQuality "1"]

1. e4 c5 2. Be2 g6 3. f4 Bg7 4. Nf3 Nc6 5. 0-0 e6 6. c3 Nge7 7. d3 0-0 8. Be3 d6 9. Na3 a6 10. d4 f5 11. e5 cxd4 12. cxd4 Nd5 13. Qd2 b5 14. Rfc1 Bb7 15. Nc2 Qb6 16. a4 Na5 17. Qd3 Nc4 18. axb5 axb5 19. Rxa8 Rxa8 20. Qb3 Ncxe3 21. Nxe3 Nxf4 22. Kf1 dxe5 23. dxe5 Nxe2 24. Kxe2 Bxf3+ 25. gxf3 Bh6 26. Nd5 Qd4 27. Nf6+ Kh8 28. Qc3 Qxc3 29. Rxc3 Bg7 30. Nd7 Rd8 31. f4 Rxd7 32. Rc8+ Bf8 33. Rxf8+ Kg7 34. Rb8 Rd4 35. Rb7+ Kf8 36. Rxb5 Rxf4 37. Kd3 Re4 38. b4 Ke7 39. Rb7+ Kd8 40. Rxh7 Rxb4 41. Rh6 Rg4 42. h3 Re4 43. Rxg6 Rxe5 44. h4 Ke7 45. h5 Kf7 46. Kd4 Re4+ 47. Kc5 Rh4 48. Rh6 Re4 49. Kd6 Kg7 50. Rg6+ Kh7 51. Ke7 e5 52. Kf6 f4 53. Rg7+ Kh6 54. Rg8 Kh7 55. Rg7+ Kh6 56. Rg8 Kh7 57. Rg7+ 1/2-1/2

[Event "AUT-ch"]
[Site "Graz"]
[Date "2017.08.13"]
[Round "2"]
[White "Horvath, Reka"]
[Black "Toelly, Michael"]
[Result "0-1"]
[WhiteElo "2039"]
[BlackElo "2156"]
[PlyCount "52"]
[EventDate "2017.08.12"]
[EventType "swiss"]
[EventRounds "9"]
[EventCountry "AUT"]
[SourceTitle "CBM 180 Extra"]
[Source "ChessBase"]
[SourceDate "2017.10.06"]
[SourceVersion "1"]
[SourceVersionDate "2017.10.06"]
[SourceQuality "1"]

1. e4 e5 2. Nf3 Nc6 3. Bc4 Bc5 4. 0-0 Nf6 5. d3 a6 6. Re1 d6 7. c3 Be6 8. Bxe6 fxe6 9. Qb3 Qc8 10. d4 exd4 11. e5 Nd5 12. cxd4 Bxd4 13. exd6 0-0 14. Nxd4 Nxd4 15. Qd3 c5 16. Na3 Qc6 17. Qg3 Rad8 18. Bg5 Nf6 19. Nc4 Ne4 20. Qe5 Nxg5 21. Qxg5 Rf6 22. Re3 Rdf8 23. Rae1 Rg6 24. Ne5 Rxg5 25. Nxc6 bxc6 26. h4 Rd5 0-1

[Event "Steyr Landesliga 1617"]
[Site "Austria"]
[Date "2017.05.06"]
[Round "11.8"]
[White "Horvath, Reka"]
[Black "Schneidhofer, Dominik"]
[Result "1-0"]
[WhiteElo "2060"]
[BlackElo "1349"]
[PlyCount "95"]
[EventDate "2016.10.01"]
[EventType "team-tourn"]
[EventRounds "11"]
[EventCountry "AUT"]
[SourceTitle "EXT 2018"]
[Source "ChessBase"]
[SourceDate "2017.10.13"]
[SourceVersion "1"]
[SourceVersionDate "2017.10.13"]
[SourceQuality "1"]
[WhiteTeam "Feldbach Kirchberg"]
[BlackTeam "Ratten Krieglach"]
[WhiteTeamCountry "AUT"]
[BlackTeamCountry "AUT"]

1. Nf3 c5 2. g3 Nf6 3. Bg2 g6 4. 0-0 Bg7 5. d4 cxd4 6. Nxd4 0-0 7. c4 d6 8. Nc3 Nbd7 9. b3 Rb8 10. Bb2 Nc5 11. Rc1 Ne6 12. Ba1 Bd7 13. Qd2 b6 14. Rfd1 Rc8 15. Ncb5 a6 16. Nxe6 Bxe6 17. Na7 Rc7 18. Nc6 Qc8 19. Nd4 Bh3 20. Bh1 Bd7 21. Qe3 Re8 22. Nf3 b5 23. cxb5 axb5 24. Rxc7 Qxc7 25. Rc1 Qb8 26. Nd4 Rc8 27. Bc6 e5 28. Bxd7 Rxc1+ 29. Qxc1 Nxd7 30. Nc6 Qa8 31. Ne7+ Kf8 32. Qc8+ Qxc8 33. Nxc8 d5 34. Na7 f5 35. Nxb5 Ke7 36. f4 Ke6 37. Nc7+ Kf7 38. Nxd5 exf4 39. Bxg7 Kxg7 40. Nxf4 Nc5 41. b4 Na4 42. Nd3 Nc3 43. Kf1 Kf6 44. a3 Ke6 45. Kf2 g5 46. Ke3 Kd5 47. Nb2 Na4 48. Nxa4 1-0